Legal challenge to cement kiln application (Record no. 75312)
[ view plain ]
| 000 -LEADER | |
|---|---|
| fixed length control field | 01475cab a2200193 4500 |
| 001 - CONTROL NUMBER | |
| control field | L129870 |
| 008 - FIXED-LENGTH DATA ELEMENTS--GENERAL INFORMATION | |
| fixed length control field | 050601n2005 000 0 eng u |
| 035 ## - SYSTEM CONTROL NUMBER | |
| System control number | (Sirsi) u129870 |
| 041 ## - LANGUAGE CODE | |
| Language code of text/sound track or separate title | eng |
| 100 ## - MAIN ENTRY--PERSONAL NAME | |
| Personal name | Macrory, Richard |
| 245 ## - TITLE STATEMENT | |
| Title | Legal challenge to cement kiln application |
| 260 ## - PUBLICATION, DISTRIBUTION, ETC. | |
| Date of publication, distribution, etc. | 2005 |
| 490 ## - SERIES STATEMENT | |
| Series statement | ENDS Report |
| Volume/sequential designation | (364) May 2005, 46-47(2) |
| 520 ## - SUMMARY, ETC. | |
| Summary, etc. | Assesses the importance of "R (on the application of David Edwards) v Environment Agency, First Secretary of State, Secretary of State for Environment, Food and Rural Affairs and Rugby Limited" ([2005] EWHC 657 (Admin)). The claimant was granted permission to apply for judicial review of a decision of the first defendant , Environment Agency (EA), in 2003 to allow the Rugby Cement works in Rugby to burn waste tyres on a trial basis. It was held that although the 2003 decision was legally valid, EA should have made available an internal report on air quality assessment during the consultation period. Public consultation procedures on controversial Pollution Prevention and Control applications are likely to take longer after this judgment and EA will certainly need to review its practice on disclosure of internal reports during consultation procedures. The claimant is likely to seek leave to appeal from the Court of Appeal. |
| 590 ## - LOCAL NOTE (RLIN) | |
| Local note | IKA070605 |
| 650 ## - SUBJECT ADDED ENTRY--TOPICAL TERM | |
| Topical term or geographic name entry element | R V ENVIRONMENT AGENCY AND OTHERS EX P EDWARDS |
| 690 ## - LOCAL SUBJECT ADDED ENTRY--TOPICAL TERM (OCLC, RLIN) | |
| Topical term or geographic name as entry element | ENVIRONMENTAL AND LAND CONSULTANCY-WASTE MANAGEMENT |
| 942 ## - ADDED ENTRY ELEMENTS (KOHA) | |
| Suppress in OPAC | 0 |
| Withdrawn status | Lost status | Source of classification or shelving scheme | Damaged status | Not for loan | Home library | Current library | Shelving location | Date acquired | Total Checkouts | Full call number | Barcode | Date last seen | Copy number | Price effective from | Koha item type |
|---|---|---|---|---|---|---|---|---|---|---|---|---|---|---|---|
| Dewey Decimal Classification | London | London | Journal article | 01/06/2005 | L129870 | 129870-1001 | 06/08/2019 | 1 | 06/08/2019 | Journal article |